| 000 | 00884nas a2200277 4500 | ||
|---|---|---|---|
| 001 | BR9601342 | ||
| 003 | BR-BrBNA | ||
| 005 | 20231205094658.0 | ||
| 007 | ta | ||
| 008 | 230509b bl.|||p| |||| 00| 00por d | ||
| 040 |
_aBR-BrBNA _bpor _cBiblioteca Nacional de Agricultura |
||
| 041 | _a(Pt) | ||
| 072 | _aH20 | ||
| 100 | 1 | _aBatista Filho, A. | |
| 100 | 1 | _aSato, M.E. | |
| 100 | 1 | _aLeite, L.G. | |
| 100 | 1 | _aRaga, A. | |
| 100 | 1 | _aPrada, W.A. | |
| 245 | 1 | _aUtilizacao de Beauveria bassiana (Bals.)Vuili. No controle do moleque da bananeira Cosmopolites sordidus Germar, 1824 (Coleopiera, Curculionidae) | |
| 650 | _aBanana | ||
| 650 | _aMurcha Bacteriana | ||
| 650 | _aFungo para Controle Biologico | ||
| 773 | 0 |
_tRevista Brasileira de Fruticultura (Brazil) _x _g(1991), v. 13(4) p. 35-40 _wBR9601342 |
|
| 909 |
_a202311 _bLúcia _c55 _dLúcia Elande |
||
| 942 |
_2AGRIS _n0 _cANA |
||
| 999 |
_c146096 _d146096 |
||